000 00893cam a2200229 4500
999 _c120494
_d120494
001 K120494
008 060623n2020 000 0 eng u
035 _a(Sirsi) u133953
041 0 _aeng
110 1 _aUnited Kingdom
_bGreen Building Council
_94966
245 0 0 _aUK Green Building Council
520 _aAims to reduce the environmental impact of buildings by promoting and championing the design and construction of sustainable buildings, which are also profitable and healthy places in which to live and work. Published definition of net-zero carbon in relation to building assets in April 2019.
650 _aValuetheplanet
650 _aNet zero carbon
650 _aClimate change
651 4 _aUnited Kingdom
690 _aSustainability
_96271
856 4 0 _uhttps://www.ukgbc.org
_zView the website www.ukgbc.org...
942 _n0
_2ddc
590 _aIKA040706
651 4 _y